Представление документа в формате RUSMARC

ПолеНазваниеЗначение
  Тип записи a
  Библиографический уровень m
001 Контрольный номер RU/IS/BASE/380372047
005 Дата корректировки 20180510182028.7
101 Язык документа 0_
a Язык текста rus
200 Заглавие и сведения об ответственности __
a Заглавие Покорение невесомости
e Сведения, относящиеся к заглавию записки космонавта
210 Выходные данные __
a Место издания Москва
c Издательство Воениздат
d Дата издания 1976
225 Серия (Журнальная рубрика) __
a Серия (Журнальная рубрика) Библиотечная серия
686 Индексы других классификаций __
a Индекс ББК 39.6
700 Автор __
a Фамилия Хрунов
b Имя Е. В.
801 Источник записи _0
a Страна RU
b Организация Центральная районная библиотека им. Г. А. Пирожникова
801 Источник записи _1
a Страна RU
b Организация Центральная районная библиотека им. Г. А. Пирожникова
852 Данные о местонахождении __
j Шифр хранения 3
b Сигла хранения ООЧ
901 Тип документа __
t Тип документа m
991 Признак экспресс-каталогизации __
a Признак экспресс-каталогизации express.Acquisition